1316 1599 1158 1556 1070 1030 1145 1547 1150 1534 1790 1595 1990 1944 1205 1380 1911 1124 1971 1425 1288 1680 1308 1365 1550 1541 1513 1433 1898 1070 1566 1624 1430 1545 1429 1441 1427 1149 1348 1193 1414 1237 1871 1430 1046 1871 1952 1089 1242 1781 1605 1387 1342 1767 1052 1588 1695 1393 1495 1333 1324 1154 1698 1657 1879 1612 1660 1515 1536 1693 1242 1054 1104 1503 1270 1141 1040 1870 1540 1679 1965 1903 1289 1627 1700 1414 1599 1879 1915 1304 1217 1780 1742 1997 1176 1700 1967 1766 1019 BCNSPRNW ULIB Ver.6.0+V

เปลี่ยนเป็นภาษาไทย

Change to English
 แสดงรายละเอียดบรรณานุกรม
  กลับหน้าหลัก

Brief Record : Get Marc (ISO 2709) : E-mail record : QR code < ปิดหน้าต่าง
LEADER : 00000nam 2200000uu 4500
001    13399125976
003     ULIB
008    171124s2557||||th 000 0 tha d
020 97 ^a9789740332879
050 PE ^aPE1068.T35 ^bธ743ก
100 ธู ^aธูปทอง กว้างสวาสดิ์
245 กา ^aการสอนภาษาอังกฤษด้วยเทคโนโลยี /^cธูปทอง กว้างสวาสดิ์
260 กร ^aกรุงเทพฯ : ^bสำนักพิมพ์แห่งจุฬาลงกรณ์มหาวิทยาลัย, ^c2557.
300 27 ^a271 หน้า : ^bภาพประกอบ; ^c26 ซม.
650 ภา ^aภาษาอังกฤษ ^xการศึกษาและการสอน
650  0 ^aภาษาอังกฤษ ^xการสอนด้วยสื่อ
945    ^p240^l0^i25708
999    ^aกัณชพร จุลอักษร
รายการนี้ยังไม่มีแท็ก
คุณยังไม่ได้ล็อกอิน คุณสามารถมีกิจกรรมร่วมกับเว็บไซต์ได้ แต่ต้องล็อกอินก่อน ::
  ล็อกอิน

รายการสื่อสารสนเทศ

ลำดับที่ ประเภท เลขเรียก/บาร์โค้ด สถานที่ สถานะ
1. วิทยาศาสตร์การแพทย์ และสุขภาพ
วิทยาศาสตร์การแพทย์ และสุขภาพ
PE1068.T35 ธ743ก ฉ.1 
  Barcode: 25708
ห้องสมุดวิทยาเขตนครสวรรค์
►หนังสือทั่วไป:l:General Books
บนชั้น

รายการใกล้เคียง
    ผู้แต่ง [ธูปทอง กว้างสวาสดิ์]

    หัวเรื่อง [ภาษาอังกฤษ การสอนด้วยสื่อ]

BibComment


ยังไม่เคยถูกคอมเมนท์

คอมเมนท์ทรัพยากรรายการนี้
  คอมเมนท์: การสอนภาษาอังกฤษ..


 Copyright 2026. Bcnsprnw @Library